| 000 | 00968nam a2200229Ia 4500 | ||
|---|---|---|---|
| 003 | IN-BaIIA | ||
| 008 | 211028s9999 xx 000 0 eng d | ||
| 020 | _a90-277-1723-0 | ||
| 040 | _cIIA Library | ||
| 080 |
_a082.2:52 _bIAU-S108 |
||
| 111 |
_aInternational Astronomical Union Symposium _cGermany _d1983 Sept. 5-8 _913356 |
||
| 245 | 0 |
_aStructure and evolution of the magellanic clouds _bproceedings of the International Astronomical Union symposium No.108, held in Tubingen, West Germany, 5-8, September 1983 _cedited by Sidney Van Den Bergh and Klaas S. De Boer |
|
| 260 |
_aDordrecht _bD. Reidel Publishing _c1984 |
||
| 300 | _axvii, 425p. | ||
| 490 | _aIAU Symposium; no. 108 | ||
| 650 | _aAstronomy and Astrophysics Thesaurus | ||
| 650 |
_aMagellanic clouds _94110 |
||
| 700 |
_aDe Boer, Klaas S., ed. _913357 |
||
| 700 |
_aVan Den Bergh, Sidney, ed. _913358 |
||
| 710 | _aInternational Astronomical Union | ||
| 942 | _cBK | ||
| 999 |
_c7922 _d7922 |
||